000 00563cab a2200205 4500
001 A375
008 090401t1983 xxu||||| |||| 00| 0 eng d
035 _a(Sirsi) u28797
041 _aeng
100 _aPatrick, M.J.
245 _aWhat use is property performance analysis?
260 _c1983
350 _a0
490 _aJournal of Valuation
_v(1983) 2JV
650 _aPERFORMANCE MEASUREMENT
650 _aPROPERTY PERFORMANCE
690 _aPROPERTY-COMMERCIAL PROPERTY-COMMERCIAL PROPERTY FINANCE AND INVESTMENT
942 _n0
948 _c04/03/1997
999 _c19371
_d19371